[Event "Walsrode Chessemy op-A"]
[Site "Walsrode"]
[Date "2023.03.12"]
[Round "9"]
[White "Steuer, Christopher"]
[Black "Schirmer, Werner"]
[Result "1/2-1/2"]
[WhiteElo "1737"]
[BlackElo "1912"]
[PlyCount "31"]
[EventDate "2023.03.04"]
[EventType "swiss"]
[EventRounds "9"]
[EventCountry "GER"]
[SourceTitle "CBM 213 Extra"]
[Source "ChessBase"]
[SourceDate "2023.05.31"]
[SourceVersion "1"]
[SourceVersionDate "2023.05.31"]
[SourceQuality "1"]

1. e4 c5 2. Nf3 Nc6 3. d4 cxd4 4. Nxd4 g6 5. c4 Nf6 6. Nc3 d6 7. Be2 Nxd4 8. Qxd4 Bg7 9. Be3 0-0 10. Qd2 Qa5 11. f3 Be6 12. Rc1 Rfc8 13. b3 a6 14. Na4 Qxd2+ 15. Kxd2 Nd7 16. g4 1/2-1/2

[Event "Walsrode Chessemy op-A"]
[Site "Walsrode"]
[Date "2023.03.09"]
[Round "6"]
[White "Schirmer, Werner"]
[Black "Linde, Wolfgang"]
[Result "0-1"]
[WhiteElo "1912"]
[BlackElo "2084"]
[PlyCount "102"]
[EventDate "2023.03.04"]
[EventType "swiss"]
[EventRounds "9"]
[EventCountry "GER"]
[SourceTitle "CBM 213 Extra"]
[Source "ChessBase"]
[SourceDate "2023.05.31"]
[SourceVersion "1"]
[SourceVersionDate "2023.05.31"]
[SourceQuality "1"]

1. e4 e5 2. Nf3 Nc6 3. Bb5 a6 4. Ba4 Nf6 5. d4 exd4 6. 0-0 Be7 7. Re1 b5 8. e5 Nxe5 9. Rxe5 d6 10. Re1 bxa4 11. Nxd4 Bd7 12. Qf3 0-0 13. Nc6 Bxc6 14. Qxc6 d5 15. Nc3 Bd6 16. Qxa4 Rb8 17. a3 Qc8 18. Bg5 Qf5 19. Bxf6 Qxf6 20. Nxd5 Qxb2 21. Ne3 Qb5 22. Qh4 Be5 23. Rad1 Bc3 24. Rf1 Bf6 25. Qg4 Qg5 26. Qf3 Rb5 27. Nd5 Be5 28. Rfe1 Bd6 29. c4 Rb2 30. Ne3 Bxa3 31. Rd5 Qg6 32. Nd1 Bb4 33. Re4 Rd2 34. Rg4 Qe6 35. Re4 Qb6 36. Rxd2 Bxd2 37. Qd3 Bb4 38. h3 Bc5 39. Qg3 Rd8 40. Nc3 Qf6 41. Nd5 Qa1+ 42. Kh2 Bd6 43. f4 Bc5 44. Re1 Qd4 45. Qh4 Rf8 46. Qg4 Kh8 47. Nxc7 Qxc4 48. Ne8 Rg8 49. Qh4 Qd4 50. Qg4 Qd8 51. Qh5 Be7 0-1

[Event "Walsrode Chessemy op-A"]
[Site "Walsrode"]
[Date "2023.03.06"]
[Round "3"]
[White "Harish, Neeraj"]
[Black "Schirmer, Werner"]
[Result "1-0"]
[WhiteElo "2127"]
[BlackElo "1912"]
[PlyCount "89"]
[EventDate "2023.03.04"]
[EventType "swiss"]
[EventRounds "9"]
[EventCountry "GER"]
[SourceTitle "CBM 213 Extra"]
[Source "ChessBase"]
[SourceDate "2023.05.31"]
[SourceVersion "1"]
[SourceVersionDate "2023.05.31"]
[SourceQuality "1"]

1. e4 c5 2. Nf3 Nc6 3. d4 cxd4 4. Nxd4 g6 5. c4 Nf6 6. Nc3 d6 7. f3 Nxd4 8. Qxd4 Bg7 9. Be3 0-0 10. Qd2 Be6 11. Rc1 Qa5 12. b3 Rfc8 13. Bd3 a6 14. Nd5 Qxd2+ 15. Kxd2 Nxd5 16. exd5 Bd7 17. a4 e6 18. Be4 Rab8 19. Bf4 e5 20. Be3 f5 21. Bd3 Bf8 22. a5 Be7 23. b4 Bd8 24. Ke2 Bf6 25. Kf2 e4 26. Be2 Rf8 27. f4 g5 28. fxg5 Be5 29. g3 f4 30. gxf4 Bxf4 31. Bxf4 Rxf4+ 32. Ke3 Rh4 33. c5 dxc5 34. bxc5 Bh3 35. d6 Rf8 36. c6 bxc6 37. Rxc6 Be6 38. Bc4 Rh3+ 39. Ke2 Bxc4+ 40. Rxc4 Rd3 41. Rd1 Rf2+ 42. Kxf2 Rxd1 43. Rc6 Rd3 44. Rxa6 Kf7 45. Ra7+ 1-0

[Event "Schleswig Holstein-ch Seniors op 11th"]
[Site "Buesum"]
[Date "2017.09.13"]
[Round "6"]
[White "Schirmer, Werner"]
[Black "Achenbach, Manfred"]
[Result "0-1"]
[WhiteElo "1931"]
[BlackElo "2083"]
[PlyCount "60"]
[EventDate "2017.09.08"]
[EventType "swiss"]
[EventRounds "9"]
[EventCountry "GER"]
[SourceTitle "EXT 2019"]
[Source "ChessBase"]
[SourceDate "2018.10.10"]
[SourceVersion "1"]
[SourceVersionDate "2018.10.10"]
[SourceQuality "1"]

1. e4 c5 2. Nf3 d6 3. d4 cxd4 4. Nxd4 a6 5. Be2 e5 6. Nb3 Nf6 7. Nc3 Be7 8. 0-0 0-0 9. Be3 b5 10. a4 Bb7 11. axb5 axb5 12. Rxa8 Bxa8 13. Bxb5 Nxe4 14. Nd5 Nc5 15. Nxc5 dxc5 16. c4 Nc6 17. Re1 Bd6 18. Qh5 Nd4 19. Bxd4 cxd4 20. Ra1 Bxd5 21. cxd5 g6 22. Qe2 Qc7 23. h3 Rb8 24. Bc6 Qb6 25. Rb1 Qb3 26. Qa6 Qc2 27. Qa2 d3 28. Ba4 Qd2 29. Rd1 Qe2 30. Rb1 Bc5 0-1

[Event "Schleswig Holstein-ch Seniors op 11th"]
[Site "Buesum"]
[Date "2017.09.09"]
[Round "2"]
[White "Schirmer, Werner"]
[Black "Gehrmann, Rudolf Rainer"]
[Result "0-1"]
[WhiteElo "1931"]
[BlackElo "2096"]
[PlyCount "84"]
[EventDate "2017.09.08"]
[EventType "swiss"]
[EventRounds "9"]
[EventCountry "GER"]
[SourceTitle "EXT 2019"]
[Source "ChessBase"]
[SourceDate "2018.10.10"]
[SourceVersion "1"]
[SourceVersionDate "2018.10.10"]
[SourceQuality "1"]

1. e4 c5 2. Nf3 d6 3. d4 cxd4 4. Nxd4 Nf6 5. Nc3 g6 6. Be3 Bg7 7. f3 0-0 8. Qd2 Nc6 9. Bc4 Bd7 10. 0-0-0 Rb8 11. Bb3 Nxd4 12. Bxd4 a5 13. Nd5 Nxd5 14. Bxg7 Kxg7 15. Bxd5 b5 16. Qd4+ Kg8 17. e5 e6 18. Be4 d5 19. Bd3 b4 20. h4 a4 21. h5 Bb5 22. Qf4 Bxd3 23. Rxd3 g5 24. Qe3 f5 25. exf6 Qxf6 26. Re1 Rfe8 27. Qe5 Qxe5 28. Rxe5 h6 29. b3 axb3 30. cxb3 Kf7 31. Re2 Kf6 32. Rc2 Rbc8 33. Rxc8 Rxc8+ 34. Kb2 Ke5 35. Rd2 d4 36. a4 bxa3+ 37. Kxa3 Kd5 38. Ka4 Ra8+ 39. Kb5 Rb8+ 40. Ka4 e5 41. Ka3 Ra8+ 42. Kb2 g4 0-1

[Event "Bayern-chI Bank Hofmann 20th"]
[Site "Bad Wiessee"]
[Date "2016.10.29"]
[Round "1"]
[White "Vogel, Roven"]
[Black "Schirmer, Werner"]
[Result "1-0"]
[WhiteElo "2415"]
[BlackElo "1923"]
[PlyCount "45"]
[EventDate "2016.10.29"]
[EventType "swiss"]
[EventRounds "9"]
[EventCountry "GER"]
[SourceTitle "CBM 175 Extra"]
[Source "ChessBase"]
[SourceDate "2016.12.12"]
[SourceVersion "1"]
[SourceVersionDate "2016.12.12"]
[SourceQuality "1"]

1. d4 Nf6 2. c4 g6 3. Nc3 Bg7 4. Nf3 0-0 5. g3 d6 6. Bg2 Nc6 7. 0-0 a6 8. b3 Rb8 9. Nd5 e6 10. Nxf6+ Bxf6 11. e4 e5 12. d5 Ne7 13. Bh6 Bh8 14. Bxf8 Qxf8 15. Ne1 f5 16. Nd3 fxe4 17. Bxe4 Nf5 18. Qd2 Nd4 19. f4 Qh6 20. Qf2 Bg7 21. fxe5 Nf5 22. Rae1 dxe5 23. Qa7 1-0

[Event "Hamburg St Pauli op-A"]
[Site "Hamburg"]
[Date "2015.07.19"]
[Round "2"]
[White "Meissner, Felix"]
[Black "Schirmer, Werner"]
[Result "1-0"]
[WhiteElo "2308"]
[BlackElo "1990"]
[PlyCount "55"]
[EventDate "2015.07.18"]
[EventType "swiss"]
[EventRounds "9"]
[EventCountry "GER"]
[SourceTitle "EXT 2016"]
[Source "ChessBase"]
[SourceDate "2015.10.08"]
[SourceVersion "1"]
[SourceVersionDate "2015.10.08"]
[SourceQuality "1"]

1. e4 c5 2. Nf3 Nc6 3. d4 cxd4 4. Nxd4 g6 5. c4 Nf6 6. Nc3 d6 7. Nc2 Bg7 8. Be2 0-0 9. 0-0 Bd7 10. Be3 Qa5 11. f3 Rfc8 12. Qd2 Ne5 13. Na3 a6 14. Rfd1 b5 15. cxb5 axb5 16. Ncxb5 Qxd2 17. Rxd2 Bxb5 18. Nxb5 Nc4 19. Bxc4 Rxc4 20. Nc3 Nd7 21. Rc1 Nc5 22. Rcc2 Ne6 23. Nd5 Rxc2 24. Rxc2 Nd4 25. Nxe7+ Kf8 26. Rc8+ Rxc8 27. Nxc8 Ne2+ 28. Kf2 1-0

[Event "GER-chA Seniors 26th"]
[Site "Bad Neuenahr"]
[Date "2014.08.10"]
[Round "6"]
[White "Schirmer, Werner"]
[Black "Lutz, Albert"]
[Result "1/2-1/2"]
[WhiteElo "1987"]
[BlackElo "2192"]
[PlyCount "130"]
[EventDate "2014.08.05"]
[EventType "swiss"]
[EventRounds "9"]
[EventCountry "GER"]
[SourceTitle "EXT 2018"]
[Source "ChessBase"]
[SourceDate "2017.10.13"]
[SourceVersion "1"]
[SourceVersionDate "2017.10.13"]
[SourceQuality "1"]

1. e4 Nf6 2. e5 Nd5 3. d4 d6 4. Nf3 Nc6 5. exd6 exd6 6. Be2 Be7 7. 0-0 0-0 8. c4 Nb6 9. Nc3 Bg4 10. b3 Bf6 11. Be3 g6 12. Qd2 Re8 13. Rfe1 d5 14. c5 Nc8 15. Ne5 Bxe2 16. Nxc6 bxc6 17. Nxe2 Ne7 18. Ng3 Qd7 19. Bg5 Bh8 20. Bf4 h5 21. Be5 f6 22. Bf4 h4 23. Nf1 Nf5 24. h3 Re4 25. Rxe4 dxe4 26. Qe2 Re8 27. Qg4 Qf7 28. Ne3 Nxd4 29. Rd1 f5 30. Qxh4 Ne6 31. Nc4 Bf6 32. Qg3 Nxf4 33. Qxf4 Kg7 34. g4 fxg4 35. Qxg4 Re7 36. Ne3 Be5 37. Kg2 Qf4 38. Qxf4 Bxf4 39. Rd4 Re5 40. Ng4 Rxc5 41. Rxe4 Bd6 42. Ra4 a5 43. Rc4 Rd5 44. Rc2 Rd4 45. Kf3 a4 46. Ke3 axb3 47. axb3 Rb4 48. Rc3 Kf7 49. Kd3 c5 50. Kc2 Rd4 51. Rf3+ Ke7 52. Re3+ Kf7 53. Rf3+ Kg7 54. Rd3 Rf4 55. Kc3 Kf7 56. Re3 g5 57. Kd3 Rd4+ 58. Kc2 Bf4 59. Rd3 Re4 60. Rd7+ Ke6 61. Rd8 Ke7 62. Re8+ Kxe8 63. Nf6+ Ke7 64. Nxe4 Ke6 65. Nxc5+ Kd5 1/2-1/2

[Event "GER-chA Seniors 26th"]
[Site "Bad Neuenahr"]
[Date "2014.08.05"]
[Round "1"]
[White "Weidlich, Guenter"]
[Black "Schirmer, Werner"]
[Result "1/2-1/2"]
[WhiteElo "2224"]
[BlackElo "1987"]
[PlyCount "84"]
[EventDate "2014.08.05"]
[EventType "swiss"]
[EventRounds "9"]
[EventCountry "GER"]
[SourceTitle "EXT 2018"]
[Source "ChessBase"]
[SourceDate "2017.10.13"]
[SourceVersion "1"]
[SourceVersionDate "2017.10.13"]
[SourceQuality "1"]

1. d4 Nf6 2. Nf3 b6 3. e3 Bb7 4. Bd3 e6 5. Nbd2 Be7 6. b3 d5 7. Bb2 0-0 8. Ne5 Nbd7 9. 0-0 c5 10. Qe2 Rc8 11. Rfd1 Ne4 12. Nxe4 c4 13. Ng3 cxd3 14. Qxd3 f6 15. Nf3 Qc7 16. Rac1 Rfe8 17. Nd2 Nb8 18. c4 Ba6 19. Qb1 Qd7 20. cxd5 exd5 21. Qf5 Qxf5 22. Nxf5 Bb4 23. a3 Bf8 24. Rxc8 Rxc8 25. Rc1 Rc6 26. Rxc6 Nxc6 27. f3 Bd3 28. Ng3 a5 29. Kf2 Kf7 30. Ne2 Bd6 31. g3 Ne7 32. e4 Bc2 33. Ke3 b5 34. Nc3 b4 35. axb4 Bxb4 36. Nxd5 Nxd5+ 37. exd5 Bxd2+ 38. Kxd2 Bxb3 39. d6 Ke6 40. Ba3 Bd5 41. Ke3 Bc6 42. h4 Kd5 1/2-1/2

[Event "Hamburg-ch MA"]
[Site "Hamburg"]
[Date "2014.06.07"]
[Round "1"]
[White "Breyther, Ruediger"]
[Black "Schirmer, Werner"]
[Result "1-0"]
[WhiteElo "2336"]
[BlackElo "2021"]
[PlyCount "73"]
[EventDate "2014.06.07"]
[EventType "swiss"]
[EventRounds "9"]
[EventCountry "GER"]
[SourceTitle "CBM 161 Extra"]
[Source "ChessBase"]
[SourceDate "2014.08.29"]
[SourceVersion "1"]
[SourceVersionDate "2014.08.29"]
[SourceQuality "1"]

1. e4 c5 2. Nf3 Nc6 3. d4 cxd4 4. Nxd4 g6 5. c4 Nf6 6. Nc3 Nxd4 7. Qxd4 d6 8. Be2 Bg7 9. Be3 0-0 10. Qd2 Qa5 11. Rc1 a6 12. 0-0 Be6 13. f3 Rfc8 14. b3 b5 15. Nd5 Qxd2 16. Bxd2 Nxd5 17. cxd5 Bd4+ 18. Kh1 Bd7 19. Rxc8+ Rxc8 20. Rc1 Rxc1+ 21. Bxc1 f5 22. g4 Kf7 23. Bf4 e5 24. dxe6+ Kxe6 25. exf5+ gxf5 26. gxf5+ Kd5 27. Bd3 Bf6 28. Be3 Ke5 29. f4+ Kd5 30. Kg2 Kc6 31. Kf3 d5 32. Ba7 Kb7 33. Bc5 Kc6 34. Bf8 Be8 35. Bh6 Kd6 36. Bg5 Bh5+ 37. Ke3 1-0

[Event "Lueneburg op"]
[Site "Lueneburg"]
[Date "2013.07.21"]
[Round "7"]
[White "Schatz, Christian"]
[Black "Schirmer, Werner"]
[Result "1-0"]
[WhiteElo "2220"]
[BlackElo "2028"]
[PlyCount "85"]
[EventDate "2013.07.15"]
[EventType "swiss"]
[EventRounds "7"]
[EventCountry "GER"]
[SourceTitle "CBM 155 Extra"]
[Source "ChessBase"]
[SourceDate "2013.08.26"]
[SourceVersion "1"]
[SourceVersionDate "2013.08.26"]
[SourceQuality "1"]

1. Nf3 Nf6 2. d4 g6 3. Bg5 Bg7 4. Nbd2 d5 5. e3 0-0 6. Be2 b6 7. 0-0 c5 8. c4 cxd4 9. Nxd4 Bb7 10. Rc1 Ne4 11. Bh4 Nd7 12. cxd5 Nxd2 13. Qxd2 Nc5 14. Bf3 Bxd5 15. Bxe7 Qd7 16. Bxf8 Rxf8 17. Nb3 Bxf3 18. Qxd7 Nxd7 19. gxf3 Ne5 20. Nd4 Nd3 21. Rc2 Re8 22. Rd1 Nc5 23. b4 Na4 24. Nc6 Bf6 25. Nxa7 Re5 26. f4 Rh5 27. Rd6 Kg7 28. Rc7 g5 29. Rdd7 gxf4 30. Rxf7+ Kg6 31. exf4 Rh4 32. f5+ Kg5 33. Nc6 Nc3 34. Rxh7 Rg4+ 35. Kf1 Rc4 36. a3 Nd5 37. h4+ Kf4 38. Nd8 Re4 39. Rcd7 Nc3 40. Rd3 Ne2 41. Rh6 Nc1 42. Ne6+ Kxf5 43. Rf3+ 1-0

[Event "Lueneburg op"]
[Site "Lueneburg"]
[Date "2013.07.20"]
[Round "6"]
[White "Schirmer, Werner"]
[Black "Lubbe, Melanie"]
[Result "0-1"]
[WhiteElo "2028"]
[BlackElo "2303"]
[PlyCount "58"]
[EventDate "2013.07.15"]
[EventType "swiss"]
[EventRounds "7"]
[EventCountry "GER"]
[SourceTitle "CBM 155 Extra"]
[Source "ChessBase"]
[SourceDate "2013.08.26"]
[SourceVersion "1"]
[SourceVersionDate "2013.08.26"]
[SourceQuality "1"]

1. e4 c5 2. Nf3 Nc6 3. d4 cxd4 4. Nxd4 Nf6 5. Nc3 d6 6. Be2 e5 7. Nf3 h6 8. 0-0 Be7 9. b3 0-0 10. Bb2 a6 11. a4 Be6 12. Nd2 Rc8 13. Nc4 Nxe4 14. Nxe4 d5 15. Ned2 dxc4 16. Nxc4 Qc7 17. Bd3 f5 18. f3 Bf6 19. Qe1 Rce8 20. Ba3 Be7 21. Bxe7 Rxe7 22. Rd1 Kh8 23. Ne3 Nd4 24. Qb4 a5 25. Qd2 Rd8 26. Qf2 Red7 27. Bc4 f4 28. Ng4 Bxc4 29. bxc4 h5 0-1

[Event "GER-ch Seniors"]
[Site "Dresden"]
[Date "2012.08.15"]
[Round "7"]
[White "Beutelhoff, Josef"]
[Black "Schirmer, Werner"]
[Result "1-0"]
[WhiteElo "2146"]
[BlackElo "2016"]
[PlyCount "69"]
[EventDate "2012.08.09"]
[EventType "swiss"]
[EventRounds "9"]
[EventCountry "GER"]
[SourceTitle "EXT 2014"]
[Source "ChessBase"]
[SourceDate "2013.11.20"]
[SourceVersion "1"]
[SourceVersionDate "2013.11.20"]
[SourceQuality "1"]

1. d4 Nf6 2. c4 g6 3. Nc3 Bg7 4. e4 d6 5. f4 0-0 6. Nf3 c5 7. d5 b5 8. cxb5 a6 9. a4 Qa5 10. Bd2 Bd7 11. Ra3 Qc7 12. Bc4 Bc8 13. 0-0 Nbd7 14. Qe2 Nb6 15. Ba2 axb5 16. Nxb5 Qd7 17. a5 Ba6 18. axb6 Qxb5 19. Qxb5 Bxb5 20. Re1 Nd7 21. b7 Ra6 22. e5 Rb8 23. e6 fxe6 24. dxe6 Nb6 25. f5 gxf5 26. Nh4 Rxa3 27. bxa3 Rxb7 28. Nxf5 Bf6 29. Re4 Bd3 30. Rg4+ Kh8 31. Nxd6 h5 32. Nxb7 hxg4 33. Be3 Na4 34. Nxc5 Bf5 35. Nxa4 1-0

[Event "Hessen-ch Seniors op 08th"]
[Site "Bad Sooden-Allendorf"]
[Date "2012.04.22"]
[Round "9"]
[White "Smits, Oswald"]
[Black "Schirmer, Werner"]
[Result "1/2-1/2"]
[WhiteElo "1899"]
[BlackElo "2027"]
[PlyCount "112"]
[EventDate "2012.04.14"]
[EventType "swiss"]
[EventRounds "9"]
[EventCountry "GER"]
[SourceTitle "EXT 2019"]
[Source "ChessBase"]
[SourceDate "2018.10.10"]
[SourceVersion "1"]
[SourceVersionDate "2018.10.10"]
[SourceQuality "1"]

1. d4 Nf6 2. Nf3 g6 3. Nbd2 Bg7 4. e4 d6 5. Be2 0-0 6. 0-0 Nbd7 7. b3 c5 8. c3 b6 9. Bb2 Bb7 10. d5 Qc7 11. Qc2 a6 12. c4 e5 13. Rfe1 Nh5 14. g3 Qd8 15. Nh4 Nf4 16. Bf1 Bc8 17. Ndf3 Nh5 18. Bc1 Ndf6 19. Kh1 h6 20. Ng1 Nh7 21. Be3 Ng5 22. f3 Kh7 23. Qg2 f5 24. exf5 gxf5 25. Bd3 Ra7 26. Rac1 Kg8 27. Bd2 Raf7 28. Ng6 Re8 29. f4 Ne4 30. Bxe4 fxe4 31. fxe5 dxe5 32. Rf1 Bf5 33. Nh4 Nf4 34. Bxf4 exf4 35. Rxf4 Bh7 36. Rxf7 Kxf7 37. Qf2+ Kg8 38. Ng2 e3 39. Qe2 Be4 40. h3 Qg5 41. Kh2 Be5 42. Qxe3 Qg6 43. Nh4 Qh5 44. Nhf3 Bb2 45. Re1 Bg6 46. Qd2 Rxe1 47. Qxe1 Qf5 48. d6 Qc2+ 49. Kh1 Be4 50. d7 Bf6 51. Qf1 Kf8 52. Qg2 Qb1 53. Kh2 Ke7 54. Qe2 Kxd7 55. Nd2 Bf5 56. Ngf3 Qxa2 1/2-1/2

[Event "Hessen-ch Seniors op 08th"]
[Site "Bad Sooden-Allendorf"]
[Date "2012.04.19"]
[Round "6"]
[White "Schirmer, Werner"]
[Black "Niebling, Ferdinand"]
[Result "1-0"]
[WhiteElo "2027"]
[BlackElo "2166"]
[PlyCount "59"]
[EventDate "2012.04.14"]
[EventType "swiss"]
[EventRounds "9"]
[EventCountry "GER"]
[SourceTitle "EXT 2019"]
[Source "ChessBase"]
[SourceDate "2018.10.10"]
[SourceVersion "1"]
[SourceVersionDate "2018.10.10"]
[SourceQuality "1"]

1. e4 e6 2. d4 d5 3. Nc3 Bb4 4. e5 Ne7 5. a3 Bxc3+ 6. bxc3 c5 7. a4 Nbc6 8. Nf3 Qa5 9. Bd2 Bd7 10. Be2 0-0 11. 0-0 Rac8 12. c4 Qc7 13. cxd5 Nxd5 14. c3 cxd4 15. cxd4 h6 16. Qb3 Na5 17. Qd3 Nc4 18. Rfc1 b5 19. Bd1 f5 20. exf6 Rxf6 21. Bc2 Kf7 22. axb5 Bxb5 23. Ne5+ Nxe5 24. Qxb5 Nc6 25. Be4 Qb6 26. Qa4 Nde7 27. Be3 Nd5 28. Rab1 Qc7 29. Qa6 Nxe3 30. Rb7 1-0